000 01748cam a22004694i 4500
003 PE-LiUPU
005 20250731180124.0
008 150623s r 000 0 d
035 _a(Sirsi) a27987
040 _aPE-LiUPU
_bspa
_cPE-LiUPU
_erda
082 0 4 _a511
_bCh85
_221
100 1 _aChu Manrique, Juan,
_eautor.
245 1 0 _aAritmética :
_bCurso teórico y práctico /
_cJuan Chu Manrique.
264 1 _aLima :
_bEditorial "Ingreso",
_c1976.
300 _a367 páginas ;
_c20 cm.
336 _atext
_2rdacontent
337 _aunmediated
_2rdamedia
338 _avolume
_2rdacarrier
505 0 _aTeoría de conjuntos. Numeración. Relaciones de igualdad y desigualdad. Las cuatro operaciones fundamentales. Teoría de la divisibilidad y temas afines (Números primos, MCD y MCM). Teoría de las fracciones. Radicaciones. Radicación. Razones y Proporciones. Regla de tres simple y compuesta. Tanto por ciento.
526 _aSEG44
526 _aSEG26
526 _aP159
526 _aP155
526 _aP154
526 _aP153
526 _aP150
526 _aP100
526 _aP31
526 _aP30
526 _aP26
526 _aP25
526 _aP24
526 _aP22
526 _aP15
526 _aP10
650 1 4 _aAritmética
_xProblemas, ejercicios, etc.
942 _2ddc
_cBOOK
949 _a511 Ch85
_wDEWEY
_c1
_i53218
_lCCODEBUL1
_mBUL
_p3.00
_r0
_sY
_tBOOK
_u2015-06-24
_xBIBLIOTECA
_zUNKNOWN
_0COMPRA
_o.STAFF. Colección General
596 _a1
999 _a511 CH85
_wDEWEY
_c35184
_i53218
_d35184
_e2017-8-22
_f2021-11-5
_g5
_lCCODEBUL1
_mBUL
_n4
_p3.00
_r0
_sN
_tBOOK
_u2015-6-24
_xBIBLIOTECA
_zUNKNOWN
_0COMPRA
_o.STAFF. Colección General
980 _81
_gALBERTO SANCHEZ Responsable de Automatización